Ponuková stratégia a taktika podniku cestnej dopravy
Ponuková stratégia je komplexný plán, ktorý v nadväznosti na vrcholovú stratégiu podniku určuje dlhodobé tendencie a ciele pôsobenia ponuky na trhu. Ponuková taktika má chrakter operatívneho plánu. Štádiá formovania ponuky podniku cestnej dopravy. Formovanie prepravnej služby. Kvalitatívne prvky v n...
Enregistré dans:
| Auteur principal: | |
|---|---|
| Format: | Chapitre de livre |
| Langue: | slovaque |
| Sujets: | |
| Tags: |
Pas de tags, Soyez le premier à ajouter un tag!
|
MARC
| LEADER | 00000naa a2200000 4500 | ||
|---|---|---|---|
| 001 | r046206 | ||
| 005 | 20230921120724.7 | ||
| 041 | 0 | |a slo | |
| 044 | |a CZ | ||
| 245 | 1 | 0 | |a Ponuková stratégia a taktika podniku cestnej dopravy |c Anna Križanová |
| 520 | |a Ponuková stratégia je komplexný plán, ktorý v nadväznosti na vrcholovú stratégiu podniku určuje dlhodobé tendencie a ciele pôsobenia ponuky na trhu. Ponuková taktika má chrakter operatívneho plánu. Štádiá formovania ponuky podniku cestnej dopravy. Formovanie prepravnej služby. Kvalitatívne prvky v nákladnej a osobnej doprave. | ||
| 610 | 2 | 0 | |a stratégia podniková |
| 610 | 2 | 0 | |a taktika podniková |
| 610 | 2 | 0 | |a ponuka |
| 610 | 2 | 0 | |a stratégia marketingová |
| 610 | 2 | 0 | |a podnik dopravný |
| 610 | 2 | 0 | |a služby dopravné |
| 610 | 2 | 0 | |a doprava cestná |
| 610 | 2 | 0 | |a preprava |
| 100 | 1 | |a Križanová, Anna | |